Účtovanie v zubnej ambulancii novovznikajúca situácia v legislatíve a financovaní, alebo čo sa deje a aký to môže mať dopad na financovanie zubnej ambulancie - 3 14.

Bibliographic Details
Main Authors: Vančo, Jozef (Author), Vančo, Ján (Author)
Format: Article
Language:Slovak
ISSN:1335-9223
Subjects:

MARC

LEADER 00000nab a2200000 a 4500
001 vtls000833640
003 SK-MaSNL
005 20260304171716.0
008 250429c2003 xo 0 slo
015 |a SNBRB2003/04-13800 
035 |a CLN000185295 
035 |a urn:nbn:sk:snk-ab6y3n 
035 |a (uuid)e9b716a3-5fd1-4a84-8483-f680e97151dd 
035 |a (urnnbn)urn:nbn:sk:snk:ar-a068ol 
035 |a (sysno)vtls000833640 
040 |a SNKBUCL  |b slo  |c SNKBUCL  |e AACR2 
041 0 |a slo 
044 |a xo  |c SK 
080 |a 616.31:614.257  |2 1997 
100 1 |a Vančo, Jozef  |4 aut  |9 8751 
245 1 0 |a Účtovanie v zubnej ambulancii  |b novovznikajúca situácia v legislatíve a financovaní, alebo čo sa deje a aký to môže mať dopad na financovanie zubnej ambulancie - 3  |n 14.  |c Jozef Vančo, Ján Vančo 
650 0 7 |a stomatológia  |2 snkbucl  |9 917 
650 0 7 |a účtovníctvo  |x ekonomika  |x organizácia a riadenie  |2 snkbucl  |9 1500398 
650 0 7 |a poskytovanie zdravotníckej starostlivosti  |x organizácia a riadenie  |2 snkbucl  |9 1074872 
650 0 7 |a ambulantná starostlivosť  |2 snkbucl  |9 16081 
655 7 |a články z novín a časopisov  |2 snkbucl  |9 267496 
700 1 |a Vančo, Ján  |4 aut  |9 276896 
773 0 |t Zubný lekár  |g Roč. 10, č. 3 (2003), s. 5  |x 1335-9223 
850 |a Slovenská národná knižnica 
852 |a Slovenská národná knižnica 
954 |a odborná, vedecká literatúra pôvodná (slovenská)  |2 lita 
958 |a article27 
958 |a MI 
958 |a OND 
958 |a EUIPO 
999 |c 2994841  |d 2996771